000 nam a22 7a 4500
999 _c9109
_d9109
008 180123b ||||| |||| 00| 0 eng d
100 _aMadan M
_95389
245 _aComp act Deluxe edition
260 _aNew Delhi
_bNavdeep Publication